| 000 | 00543nam a22001697a 4500 | ||
|---|---|---|---|
| 003 | NUST | ||
| 038 | _aNusrat Nadeem | ||
| 082 | _a200 | ||
| 100 |
_aShahzeb, Huzeafa _9120107 |
||
| 245 |
_aComparison of pre and post covid-19 impacts in logistics industry of Pakistan/ _cHuzeafa Shahzeb |
||
| 264 |
_aIslamabad, _bNBS NUST, _c2023. |
||
| 300 |
_aill: _b42,p: _c30,cm. |
||
| 650 |
_aExecutive MBA _9120079 |
||
| 700 |
_aSupervisor : Dr Adnan Waseem _9120108 |
||
| 856 | _uhttp://10.250.8.41:8080/xmlui/handle/123456789/39334 | ||
| 942 |
_2ddc _cSC |
||
| 999 |
_c607537 _d607537 |
||